000 00767nam a2200217 a 4500
001 000790227
003 AM-YEHGA
005 20250618080117.0
008 110218s1996 rs ||||gr|||||||||p|srp|d
040 _aAM-YeHGA
041 1 _asrp
_hrus
100 1 _aԿապուտիկյան, Սիլվա Բարունակի,
_d1919-2006
_91396
245 1 0 _aПосвете :
_bИзабране песме /
_cСилва Капутикjан ; Превео са руског М. Вуковић.
260 _aКрагуевац :
_bРотопринт,
_c1996.
300 _a56 p. ;
_c19 сm.
440 0 _aБиблиотека извори ;
_v7
650 1 4 _aՀայ գրականություն
700 1 _aВуковић, Милан
_4trl
942 _2udc
_cBK
090 _c565657
999 _c527551
_d527551